Normal view
MARC view
Entry Personal Name
001 - CONTROL NUMBER
- control field: 82943
003 - CONTROL NUMBER IDENTIFIER
- control field: dpl
005 - DATE AND TIME OF LATEST TRANSACTION
- control field: 20250714115145.0
008 - FIXED-LENGTH DATA ELEMENTS
- fixed length control field: 250714|| aca||aabn | a|a d
040 ## - CATALOGING SOURCE
- Original cataloging agency: dpl
- Transcribing agency: dpl
100 ## - HEADING--PERSONAL NAME
- Personal name: Aggarwal, Neha
670 ## - SOURCE DATA FOUND
- Source citation: Work cat.: (dpl)212348: Aggarwal, B.M. 82941, Mathematical Methods for Economics-II/, 2023
